[Event "Toulouse"]
[Site "Toulouse"]
[Date "1996.??.??"]
[Round "2"]
[White "Hamdouchi, Hichem"]
[Black "Touzane, Olivier"]
[Result "1-0"]
[WhiteElo "2495"]
[BlackElo "2495"]
[PlyCount "121"]
[EventDate "1996.10.??"]
[Source "ChessBase"]

1. e4 e6 2. d3 c5 3. g3 Nc6 4. Bg2 g6 5. Nc3 Bg7 6. Be3 Nd4 7. Nce2 d5 8. exd5 exd5 9. Bxd4 cxd4 10. Nf3 Ne7 11. O-O Nc6 12. Qd2 O-O 13. b4 a6 14. a4 Qb6 15. Rab1 a5 16. Nf4 axb4 17. Nxd5 Qd8 18. Nxb4 Rxa4 19. Rfe1 Nxb4 20. Rxb4 Qa5 21. Rxa4 Qxa4 22. h4 h6 23. Re7 Qb5 24. Kh2 Qc5 25. Re2 Bd7 26. Qf4 Bc6 27. Qc7 Qf5 28. Ne1 Rc8 29. Qb6 Bxg2 30. Kxg2 Qd5+ 31. Kh2 Bf8 32. Qf6 Bg7 33. Qf4 Qb5 34. Nf3 Qc5 35. Qe4 b5 36. Qb7 b4 37. Kg2 Rf8 38. Qd7 Qc8 39. Qa4 Qc3 40. Nd2 Rb8 41. Nc4 b3 42. cxb3 Qxd3 43. Re8+ Rxe8 44. Qxe8+ Kh7 45. Qxf7 Qxb3 46. Qd5 h5 47. Ne3 Qc3 48. Nf1 d3 49. Ne3 Bd4 50. Qf7+ Bg7 51. Qd7 Kh6 52. Qd6 Kh7 53. Qe6 Qb2 54. Qd5 Qe2 55. Nc4 Kh8 56. Nd6 Bc3 57. Ne4 Be1 58. Qd8+ Kg7 59. Qe7+ Kh8 60. Qf8+ Kh7 61. Ng5# 1-0

[Event "Terrassa"]
[Site "Terrassa ESP"]
[Date "1992.??.??"]
[Round "1"]
[White "Morovic Fernandez, Ivan E"]
[Black "Garcia Ilundain, David"]
[Result "1-0"]
[WhiteElo "2565"]
[BlackElo "2420"]
[PlyCount "47"]
[EventDate "1992.05.??"]
[Source "www.chesslib.no"]
[SourceDate "2004.05.04"]

1. e4 c5 2. Nc3 Nc6 3. g3 g6 4. Bg2 Bg7 5. d3 e6 6. Be3 d6 7. f4 Bd4 8. Bd2 Nge7 9. Nf3 d5 10. Nxd4 cxd4 11. Ne2 dxe4 12. dxe4 O-O 13. Nc1 b6 14. Nd3 Ba6 15. h4 Rc8 16. h5 Rc7 17. hxg6 fxg6 18. Qg4 Qc8 19. Bh3 Nd8 20. Ne5 Rxc2 21. Qh4 h5 22. Qxe7 Qa8 23. Bxe6+ Nxe6 24. Qxe6+ 1-0

[Event "ISR-ch"]
[Site "Ramat Aviv"]
[Date "1998.11.08"]
[Round "1.2"]
[White "Uritzky, Maxim"]
[Black "Avrukh, Boris"]
[Result "1/2-1/2"]
[WhiteElo "2420"]
[BlackElo "2565"]
[PlyCount "98"]
[EventDate "1998.11.08"]
[Source "ChessBase"]
[SourceDate "1999.02.01"]

1. e4 c5 2. Nc3 Nc6 3. g3 g6 4. Bg2 Bg7 5. d3 Rb8 6. Be3 b5 7. Qd2 b4 8. Nd1 d6 9. h3 e5 10. f4 Nge7 11. Nf3 Nd4 12. O-O O-O 13. Nh4 f5 14. c3 Ne6 15. exf5 gxf5 16. fxe5 bxc3 17. bxc3 dxe5 18. Bh6 c4 19. Bxg7 Nxg7 20. d4 exd4 21. cxd4 Qd6 22. Qe3 Be6 23. Nc3 Nd5 24. Bxd5 Bxd5 25. Qe5 Qxe5 26. dxe5 Ba8 27. Rf4 Rb2 28. Rd1 Rc2 29. Rxc4 Ne6 30. Rd7 f4 31. g4 Ng5 32. Rcc7 Rc1+ 33. Nd1 Nxh3+ 34. Kf1 Rxc7 35. Rxc7 Be4 36. e6 Re8 37. e7 Ng5 38. Nc3 Bd3+ 39. Ke1 Kf7 40. Kd2 Bg6 41. Nxg6 hxg6 42. Rxa7 Nf3+ 43. Kd3 Ne5+ 44. Ke4 Nxg4 45. Kxf4 Nf6 46. Kg5 Rxe7 47. Rxe7+ Kxe7 48. Kxg6 Nd7 49. Kf5 Kd6 1/2-1/2

[Event "Krasnodar2"]
[Site "?"]
[Date "1998.??.??"]
[Round "9"]
[White "Maiorov Oleg"]
[Black "Kuzmin Gennadi P"]
[Result "1-0"]
[WhiteElo "2405"]
[BlackElo "2580"]
[PlyCount "97"]
[EventDate "1998.??.??"]
[Source "www.chesslib.no"]
[SourceDate "2004.05.04"]

1. e4 c5 2. Nc3 e6 3. g3 Nc6 4. Bg2 Nf6 5. Nge2 d5 6. exd5 exd5 7. d4 cxd4 8. Nxd4 Bb4 9. O-O O-O 10. Nce2 h6 11. c3 Bc5 12. Be3 Bb6 13. h3 Re8 14. Re1 Ne5 15. b3 Bd7 16. Rc1 Rc8 17. Nf4 Ba5 18. b4 Bb6 19. Nb3 Bf5 20. Bxb6 axb6 21. Nxd5 Nd3 22. Rxe8+ Nxe8 23. Qf3 Nxc1 24. Qxf5 Nd6 25. Qe5 Nc4 26. Qe4 Nd6 27. Qe3 Nxb3 28. Ne7+ Kh8 29. Nxc8 Nc4 30. Qe7 Qxe7 31. Nxe7 Nc1 32. Bf1 Nd6 33. a4 Na2 34. Nd5 Kg8 35. Bd3 f5 36. Kf1 Kf7 37. Ke1 Ke6 38. Nf4+ Ke5 39. Kd2 g5 40. Ne2 Ne4+ 41. Bxe4 Kxe4 42. Kc2 h5 43. b5 Kf3 44. Nd4+ Kg2 45. Nxf5 Kxh3 46. Ng7 Kg4 47. Nxh5 Kxh5 48. f3 g4 49. f4 1-0

[Event "Wch U20"]
[Site "Mamaia"]
[Date "1991.??.??"]
[Round "?"]
[White "Tiviakov, Sergei"]
[Black "Degraeve, Jean Marc"]
[Result "0-1"]
[WhiteElo "2535"]
[BlackElo "2450"]
[PlyCount "60"]
[EventDate "1991.08.??"]
[Source "ChessBase"]

1. e4 c5 2. Nc3 Nc6 3. g3 g6 4. d3 Bg7 5. Bg5 d6 6. Qd2 Nd4 7. Bg2 Qa5 8. h3 Bd7 9. Nge2 Rc8 10. Be3 b5 11. f4 Nxe2 12. Kxe2 b4 13. Nd1 Nf6 14. a3 O-O 15. Nf2 Nh5 16. axb4 Qc7 17. Kf3 f5 18. bxc5 e5 19. Qa5 Qc6 20. Qa6 d5 21. Qxc6 Bxc6 22. Rxa7 dxe4+ 23. dxe4 fxe4+ 24. Kg4 Nf6+ 25. Kh4 Nd5 26. Bxe4 Nxe3 27. Rxg7+ Kxg7 28. Re1 exf4 29. gxf4 Bxe4 30. Rxe3 Bxc2 0-1

[Event "Niort (open)"]
[Site "?"]
[Date "2004.07.06"]
[Round "3"]
[White "Starostits Ilmars"]
[Black "Savchenko Stanislav"]
[Result "1/2-1/2"]
[WhiteElo "2460"]
[BlackElo "2521"]
[PlyCount "26"]
[EventDate "2004.??.??"]
[Source "www.chesslib.no"]
[SourceDate "2004.05.04"]

1. e4 c5 2. Nc3 e6 3. g3 d5 4. d3 Nc6 5. Bg2 Nf6 6. f4 Be7 7. Nh3 d4 8. Nb1 e5 9. O-O h5 10. f5 Ng4 11. Na3 Rg8 12. Bf3 Nf6 13. Bg5 h4 1/2-1/2

[Event "Ch (Men) Brno CZE"]
[Site "?"]
[Date "2006.02.15"]
[Round "9"]
[White "Blatny Pavel"]
[Black "Cvek Robert"]
[Result "1-0"]
[WhiteElo "2483"]
[BlackElo "2498"]
[PlyCount "105"]
[EventDate "2006.??.??"]
[Source "www.chesslib.no"]
[SourceDate "2004.05.04"]

1. e4 c5 2. Nc3 e6 3. g3 Nc6 4. Bg2 g6 5. f4 Bg7 6. d3 Nge7 7. e5 d6 8. exd6 Qxd6 9. Ne4 Qc7 10. Nf3 O-O 11. O-O b6 12. Qe1 Bb7 13. g4 Nd4 14. Nxd4 cxd4 15. Qh4 f6 16. Rf2 h6 17. Qh3 f5 18. Ng3 Nd5 19. Nf1 Kh7 20. g5 Rh8 21. Bd2 Kg8 22. gxh6 Rxh6 23. Qf3 Rb8 24. Qe2 Re8 25. Rc1 Rh4 26. Ng3 Bh6 27. Qe5 Qxe5 28. fxe5 Bxd2 29. Rxd2 Re7 30. c4 dxc3 31. bxc3 Ra4 32. Ne2 Rg4 33. h3 Rg5 34. Kf2 Nxc3 35. Bxb7 Nxe2 36. Rc8+ Kg7 37. h4 Rh5 38. Bf3 Rxh4 39. Bxe2 g5 40. Rdc2 Ra4 41. R2c7 Rxc7 42. Rxc7+ Kf8 43. Bh5 Rxa2+ 44. Kg3 Rd2 45. Rd7 a5 46. Bf7 Re2 47. d4 f4+ 48. Kg4 Rg2+ 49. Kh5 f3 50. Bxe6 f2 51. Rf7+ Ke8 52. d5 Rh2+ 53. Kg6 1-0